Súčasná zahraničná a bezpečnostná politika Maďarska diplomová práca

Uložené v:
Podrobná bibliografia
Hlavný autor: Štofaňáková, Radka
Korporativný autor: Fakulta medzinárodných vzťahov EU. Katedra medzinárodných politických vzťahov
Ďalší autori: Csányi, Peter, 1978-
Médium: Kniha
Jazyk:Slovak
Vydavateľské údaje: Bratislava 2023
Tagy: Pridať tag
Žiadne tagy, Buďte prvý, kto otaguje tento záznam!

MARC

LEADER 00000nbm a2200000 4500
001 0293174
005 20240613131827.1
041 0 |a slo 
044 |a SK 
245 1 0 |a Súčasná zahraničná a bezpečnostná politika Maďarska  |b diplomová práca  |c Radka Štofaňáková ; školiteľ: Peter Csányi 
264 1 |a Bratislava  |c 2023 
300 |a 71 s. 
100 1 |a Štofaňáková, Radka 
700 1 |a Csányi, Peter, 1978- 
710 2 |a Fakulta medzinárodných vzťahov EU. Katedra medzinárodných politických vzťahov